00750nam a22002057a 450000500170000000800410001702000180005802000180007604000570009404100080015124500470015926000890020630000440029549000230033950400530036265000260041565000370044165000370047870000290051520140903174958.0131205s2010 enkab frn 001 0 eng c a9780521743495 a9780521760973 aCO-BoUCMcAngélica RojasdAldemar Mondragónbspa00aeng10aUrban ecologyceditado por Kevin J. Gaston aCambridge (Reino Unido)aNew York (Estados Unidos)bCambridge University Pressc2010 aix, 318 páginasbilustraciones, mapas0 aEcological Reviews aIncluye referencias bibliográficas e índices 7aDesarrollo sostenible 7aEcología urbana (Sociología) 7aUrbanismoxAspectos económicos1 aGaston, Kevin J.eeditor